000 02669nkm0a2200469 4500
001 RU\NLR\BIBL_A\022582899
005 20260119131709.0
035 _a(NLR Aleph) 022582899
090 _a89016
_c89016
100 _a20250709d1944 u y0rusy50 ca
101 0 _arus
102 _aRU
116 _aiiycxx bf ad
135 _acrcn 024anaba
181 0 _ab4
_bxb2e
182 0 _an
200 1 _aДействия бомбардировщиков на поле боя
_e[плакат]
_fавтор полковник А. А. Васильев
_gредактор генерал-майор авиации А. Ф. Волков
_gтехн. редактор М. Н. Степанова
203 _aИзображение
_bнеподвижное
_bдвухмерное
_bвизуальное
_cнепосредственное
210 _aМосква
_cВоенное издательство Народного коммисариата обороны
_d1944
_eМосква
_gЛитография № 2 МООМП
215 _a1 л.
_cхромолитогр.
_d52,5х81
300 _aВ вып. данных: Г 111231. Воениздат И-263; Подписано к печати 9/XI 1943 г.; Заказ 690
325 _aКопия доступна в Электрон. б-ке РНБ
606 1 _aПлакат инструктивный
_2nlr_sh2
_3RU\NLR\AUTH\6601761657
606 1 _aВеликая Отечественная война
_z1941 - 1945
_jПлакаты
_2nlr_sh1
_2nlr_sh2
_3RU\NLR\AUTH\668893
606 1 _aБомбардировочная авиация
_jПлакаты
_xТактика (воен.)
_2nlr_sh1
_3RU\NLR\AUTH\66167189
686 _aЩ150.466
700 1 _aВасильев
_bА. А.
_4570
712 0 2 _aВоениздат
_cМосква
_3RU\NLR\AUTH\8810147525
_4650
712 0 2 _aМосковский областной отдел местной промышленности
_bЛитография
_c2
_3RU\NLR\AUTH\880626606
_4610
852 0 0 _aNLR
_bЭ
_jНпВо555/6-39
_mЭ037084
856 0 _uhttps://vivaldi.nlr.ru/la000071002/view
856 1 _uhttps://vivaldi.nlr.ru/la000071002/cover
856 2 _uhttps://vivaldi.nlr.ru/la000071002/text
901 _eИзографические материалы
942 _cVISUAL
945 _aРоссийская национальная библиотека
980 _aBV
980 _aNB
981 1 7 _a(17) Изографические материалы
_b(17) Плакаты